000 00582nam a22002417a 4500
003 UA-OsUOA
001 21754
007 ta
008 20031213b un ||||| |||| 00| 0 ukr d
090 _a008
_bК88
942 _cBK
040 _aUA-OsUOA
_brus
_cUA-OsUOA
_dUA-OsUOA
245 _aКультурология. ХХ век
_bАнтология
_cРед. С.Я.Левит
300 _a703 с.
955 _a0
041 _arus
080 _a008
020 _a5-7357-0044-8
260 _aМосква
_bЮрист
_c1995
044 _aRU
650 7 _2UDC
999 _c307961
_d307961